Statystyki dla Dyskografia - Mata

Kliknij tutaj aby rozwiązać quiz!

Ogólne statystyki

  • Ten quiz został rozwiązany 343 razy
    (47 od ostatniego zresetowania)
  • Średni wynik to 5 z 8

Statystyki odpowiedzi

RokTytułWydanie% Poprawnych
2020100 dni do maturyAlbum
97%
2021Młody MatczakAlbum
95%
2019FUMAR MATAEP
76%
2023< 33Album
73%
2021100 dni po maturzeEP
65%
2023CBW MIXTAPEAlbum Kolaboracyjny
57%
2022#fundacja420Album Kolaboracyjny
38%
2023#MATA2040Album
24%

Rozkład punktacji

Percentyl według liczby udzielonych odpowiedzi

Procent ludzi z każdym wynikiem

Twoja historia wyników

Nie rozwiązałeś tego quizu od ostatniego zresetowania